000 01156 a2200229 4500
001 41398
005 20260407155708.0
008 260407a2016 arg spa d
003 AR-UNSa-BCEJYS
040 _aAR-UNSa-BCEJYS
_bspa
_cAR-UNSa-BCEJYS
080 _a336.225
_xMétodo de tributación y administración de impuestos
245 1 0 _aBlanqueo y moratoria
_pliquidaciones
020 _a978-987-01-1977-7
264 1 _aBuenos Aires :
_bErrepar
_c2016
300 _axiii, 215 p.
_c27 cm.
505 _a1. Introducción - 2. Sistema voluntario e excepcional de declaración de tenencia de moneda nacional, extranjera y demás bienes en el país y en el exterior - 3. Regularización excepcional de obligaciones tributarias, de la seguridad social y aduaneras - 4. Beneficios a contribuyentes cumplidores y otras modificaciones tributarias - 5. Aplicación práctica - 6. Consultas frecuentes - 7. Cuestiones controvertidas
041 _aspa
942 _cBK
590 _aniveau_biblio:m niveau_hierar:0
100 1 _aD´Agostino, Hernán Miguel
856 4 1 _uhttps://biblioeco.unsa.edu.ar/pmb/images/libros/L126472.jpg
_yImagen de portada
_qimage/jpeg
999 _c3496
_d3496